Statistics for Five Most Populated Countries in 2100 by Continent

Click here to take the quiz!

General Stats

  • This quiz has been taken 974 times
  • The average score is 28 of 30

Answer Stats

Continent Country % Correct
AsiaIndia
99%
AsiaChina
99%
North AmericaUnited States
99%
EuropeRussia
99%
EuropeUnited Kingdom
98%
EuropeGermany
98%
EuropeFrance
98%
North AmericaMexico
98%
OceaniaAustralia
98%
South AmericaBrazil
98%
AfricaNiger
98%
AfricaNigeria
97%
OceaniaNew Zealand
97%
North AmericaCanada
97%
South AmericaArgentina
96%
EuropeItaly
96%
South AmericaPeru
95%
South AmericaColombia
95%
OceaniaPapua New Guinea
94%
South AmericaVenezuela
94%
AsiaIndonesia
94%
OceaniaFiji
93%
AsiaPakistan
93%
AfricaDR Congo
93%
AsiaBangladesh
91%
AfricaEthiopia
90%
North AmericaGuatemala
88%
North AmericaHaiti
86%
OceaniaSolomon Islands
84%
AfricaTanzania
81%

Score Distribution

Percentile by Number Answered

Percent of People with Each Score

Your Score History

You have not taken this quiz